| 000 | 00856nam a2200229 u 4500 | ||
|---|---|---|---|
| 005 | 20210223133322.0 | ||
| 008 | 170615s2016 r 000 0 eng d | ||
| 020 | _a9786079475253 (Instituto Mora) | ||
| 020 | _a9786074173871 (Universidad Iberoamericana) | ||
| 035 | _aUPN01000218780 | ||
| 049 | _aCG | ||
| 050 | 4 |
_aRA441 _bI2.2 |
|
| 100 | 1 |
_aIbargüen Tinley, Lorena Maribel _940792 |
|
| 245 | 1 | 0 |
_aCooperación internacional en salud : _bantecedentes, presente y futuro / _cLorena Ibargüen Tinley, Julie Stroeyer Rasmussen. |
| 260 |
_aMéxico : _bInstituto Mora : _bUniversidad Iberoamericana, _c2016. |
||
| 300 | _a87 p. | ||
| 440 | 0 | _aCuadernos de cooperación internacional y desarrollo | |
| 650 | 4 |
_aSALUD PUBLICA - _xCOOPERACION INTERNACIONAL _926103 |
|
| 700 | 1 |
_aStroeyer Rasmussen, Julie, _ecoaut. |
|
| 905 | _aLibro | ||
| 999 |
_c190880 _d190880 |
||